000 00962nam a22003017a 4500
001 7566
003 FISKH
005 20250724105327.0
008 250724b cb ||||| |||| 00| 0 eng d
020 _a9788956353944
040 _aFISKH
_beng
_cFISKH
_dFISKH
050 _aPZ7
082 _a590
100 _aFable, Aesop
245 _aThe bear and the two travellers /
_cBy Aesop Fable
260 _aSeoul :
_be-future ,
_c2009.
300 _a26 pages :
_bcolor illustrations ;
_c20 cm .
490 _aMy First Classic Readers
_vLevel 3-8
505 _aF
520 _aTwo friends, John and Judascome across a fierce bearin the forest. Judas escapesleaving John behind. How willJohn get away from the bear?
521 8 _a350
_bLexile estimate
521 8 _aF
_bRaz-Plus
650 _aBear
_vFiction
700 _aWilburn, Jason
_eSeries Editor
700 _aBosiak, Ian
_eSeries Editor
942 _2ddc
_cBK
_n0
999 _c7566
_d7566